Premier League Appearances by Nationality: Jamaica - Statistics

General Stats
  • This quiz has been taken 10 times
  • The average score is 2 of 10
Answer Stats
Appearances Player % Correct
170 Wes Morgan
78%
268 Michail Antonio
67%
168 Adrian Mariappa
11%
200 Demarai Gray
11%
264 Jason Euell
11%
181 Darryl Powell
0%
288 Frank Sinclair
0%
204 Marcus Gayle
0%
251 Ricardo Gardner
0%
244 Robbie Earle
0%
No matching quizzes found
Score Distribution
Percent of People with Each Score
Percentile by Number Answered
Your Score History
You have not taken this quiz